Normal view MARC view

Entry Personal Name

Number of records used in: 1

001 - CONTROL NUMBER

  • control field: 60131

003 - CONTROL NUMBER IDENTIFIER

  • control field: OSt

005 - DATE AND TIME OF LATEST TRANSACTION

  • control field: 20260421125641.0

008 - FIXED-LENGTH DATA ELEMENTS

  • fixed length control field: 260421|| aca||aabn | a|a d

040 ## - CATALOGING SOURCE

  • Original cataloging agency: OSt
  • Transcribing agency: OSt

100 ## - HEADING--PERSONAL NAME

  • Personal name: Uribe, Laura et al

670 ## - SOURCE DATA FOUND

  • Source citation: Work cat.: (OSt)533058: Uribe, Laura et al , The racial gap in trust in elections (and how to close it)

Powered by Koha